Исследование химического состава лихниса халцедонского, культивируемого в Западной Сибири. Сообщение 2. ВЭЖ-хроматографическое исследование фенольных соединений и экдистероидов лихниса халцедонского, культивируемого в Западной Сибири; Химия растительного сырья; № 3

Bibliografiske detaljer
Parent link:Химия растительного сырья: научный журнал/ Алтайский государственный университет (АлтГУ).— , 1997-
№ 3.— 2010.— [С. 95-102]
Andre forfattere: Смолякова И. М. Ирина Михайловна, Авдеенко С. Н. Сергей Николаевич, Калинкина Г. И. Галина Ильинична, Юсубов М. С. Мехман Сулейман-оглы (Сулейманович), Зибарева Л. Н. Лариса Николаевна
Summary:Заглавие с экрана
Методом ВЭЖХ-МС с последовательным УФ-детектированием изучен качественный состав флавоноидов, гидроксикоричных кислот и экдистероидов надземной части лихниса халцедонского, культивируемого в Западной Сибири. Идентификация фенольных соединений и экдистероидов проведена по УФ- и масс-спектрам путем сравнения с базой данных известных компонентов. Установлено дополнительно к предыдущим исследованиям наличие кофейной кислоты (3,4-дигидроксикоричная кислота), кумаровой кислоты (п-гидроксикоричная кислота), виценина (8-С-син-β-D-глюкопиранозил, С-С-β-D-глюкопиранозид апигенина), неовитексина (8-С-син-α-D-глюкопиранозид апигенина), полиподина В и неидентифицированного производного экдистероидов (гликозидированная или этерифицированная форма).
Режим доступа: по договору с организацией-держателем ресурса
Sprog:russisk
Udgivet: 2010
Fag:
Online adgang:http://elibrary.ru/item.asp?id=15340669
http://www.chem.asu.ru/chemwood/volume14/2010_03/1003_095.pdf
Format: MixedMaterials Electronisk Book Chapter
KOHA link:https://koha.lib.tpu.ru/cgi-bin/koha/opac-detail.pl?biblionumber=646847

MARC

LEADER 00000naa0a2200000 4500
001 646847
005 20250203104231.0
035 |a (RuTPU)RU\TPU\network\11984 
035 |a RU\TPU\network\11898 
090 |a 646847 
100 |a 20160317d2010 k||y0rusy50 ca 
101 0 |a rus 
102 |a RU 
135 |a drnn ---uucaa 
181 0 |a i  
182 0 |a b 
200 1 |a Исследование химического состава лихниса халцедонского, культивируемого в Западной Сибири. Сообщение 2. ВЭЖ-хроматографическое исследование фенольных соединений и экдистероидов лихниса халцедонского, культивируемого в Западной Сибири  |f И. М. Смолякова [и др.] 
203 |a Текст  |c электронный 
300 |a Заглавие с экрана 
320 |a [Библиогр.: с. 102 (7 назв.)] 
330 |a Методом ВЭЖХ-МС с последовательным УФ-детектированием изучен качественный состав флавоноидов, гидроксикоричных кислот и экдистероидов надземной части лихниса халцедонского, культивируемого в Западной Сибири. Идентификация фенольных соединений и экдистероидов проведена по УФ- и масс-спектрам путем сравнения с базой данных известных компонентов. Установлено дополнительно к предыдущим исследованиям наличие кофейной кислоты (3,4-дигидроксикоричная кислота), кумаровой кислоты (п-гидроксикоричная кислота), виценина (8-С-син-β-D-глюкопиранозил, С-С-β-D-глюкопиранозид апигенина), неовитексина (8-С-син-α-D-глюкопиранозид апигенина), полиподина В и неидентифицированного производного экдистероидов (гликозидированная или этерифицированная форма). 
333 |a Режим доступа: по договору с организацией-держателем ресурса 
461 |t Химия растительного сырья  |o научный журнал  |f Алтайский государственный университет (АлтГУ)  |d 1997- 
463 |t № 3  |v [С. 95-102]  |d 2010 
610 1 |a электронный ресурс 
610 1 |a труды учёных ТПУ 
610 1 |a экдистероиды 
610 1 |a флавоноиды 
610 1 |a фенольные соединения 
610 1 |a исследования 
610 1 |a хроматография 
610 1 |a лихнис халцедонский 
701 1 |a Смолякова  |b И. М.  |g Ирина Михайловна 
701 1 |a Авдеенко  |b С. Н.  |g Сергей Николаевич 
701 1 |a Калинкина  |b Г. И.  |g Галина Ильинична 
701 1 |a Юсубов  |b М. С.  |c химик  |c профессор Томского политехнического университета, доктор химических наук  |f 1961-  |g Мехман Сулейман-оглы (Сулейманович)  |3 (RuTPU)RU\TPU\pers\28058  |9 13020 
701 1 |a Зибарева  |b Л. Н.  |g Лариса Николаевна 
801 2 |a RU  |b 63413507  |c 20200203  |g RCR 
856 4 |u http://elibrary.ru/item.asp?id=15340669 
856 4 |u http://www.chem.asu.ru/chemwood/volume14/2010_03/1003_095.pdf 
942 |c CF